| 000 | 00597nam a2200193 a 4500 | ||
|---|---|---|---|
| 005 | 20140305093926.0 | ||
| 008 | 140305b ||||| |||| 00| 0 eng d | ||
| 041 | _aeng | ||
| 090 |
_aLB _b02141 |
||
| 110 |
_bReports of the Museum of Natural History University of Wisconsin _915482 |
||
| 245 |
_aNeotropical "Blue" butterflies _ba special compilation _bUniversity of Wisconsin _c1995 |
||
| 260 |
_as.l. _bs.e. _cs.f. |
||
| 300 | _a90 | ||
| 650 |
_aLepidoptera _94329 |
||
| 650 |
_aNeotrópico _97256 |
||
| 650 |
_aEcosistemas de montaña _915489 |
||
| 650 |
_aMariposas _915490 |
||
| 942 |
_cImpreso _2z |
||
| 999 |
_c2318 _d2318 |
||